Psychologie a sociologie v řízení firmy Cesty efektivního využití lidského potenciálu podniku

Salvato in:
Dettagli Bibliografici
Autore principale: Bedrnová, Eva
Altri autori: Nový, Ivan
Natura: Libro
Lingua:ceco
Pubblicazione: Praha PROSPEKTRUM 1994
Edizione:1. vyd.
Soggetti:
Tags: Aggiungi Tag
Nessun Tag, puoi essere il primo ad aggiungerne!!

MARC

LEADER 00000nam a2200000 4500
001 c009779
005 20221214075400.8
020 |a 80-7175-010-7 
041 0 |a cze 
044 |a CZ 
245 1 0 |a Psychologie a sociologie v řízení firmy  |b Cesty efektivního využití lidského potenciálu podniku  |c Eva Bedrnová, Ivan Nový a kol. 
250 |a 1. vyd. 
264 1 |a Praha  |b PROSPEKTRUM  |c 1994 
300 |a 411 s. 
610 2 0 |a riadenie 
610 2 0 |a riadenie podnikové 
610 2 0 |a manažment 
610 2 0 |a firmy 
610 2 0 |a psychológia 
610 2 0 |a sociológia 
610 2 0 |a psychológia riadenia 
100 1 |a Bedrnová, Eva 
700 1 |a Nový, Ivan